Central Library OPAC University of Rajshahi

Uncle Tom's cabin : (Record no. 62628)

MARC details
000 -LEADER
fixed length control field 00722nam a2200229 a 4500
001 - CONTROL NUMBER
control field 62628
003 - CONTROL NUMBER IDENTIFIER
rucl marc code BD-RjUL
005 - DATE AND TIME OF LATEST TRANSACTION
control field 20211209081115.0
008 - FIXED-LENGTH DATA ELEMENTS--GENERAL INFORMATION
fixed length control field 170124s19521909enk 000 0 eng d
035 ## - SYSTEM CONTROL NUMBER
System control number BD-RjUL62754
System control number (OCoLC)52986254
040 ## - CATALOGING SOURCE
Original cataloging agency SMI
Transcribing agency SMI
Modifying agency m.c
-- EQO
-- BD-RjUL
Language of cataloging eng
041 ## - LANGUAGE CODE
Language code of text/sound track or separate title eng
082 ## - DEWEY DECIMAL CLASSIFICATION NUMBER
Edition number 23
Classification number 813
Author mark and year STU 1952
090 ## - LOCALLY ASSIGNED LC-TYPE CALL NUMBER (OCLC); LOCAL CALL NUMBER (OCLC)
Classification number (OCLC) (R) ; Classification number, CALL (RLIN) (NR) PS2954
Local cutter number (OCLC) ; Book number/undivided call number, CALL (RLIN) .U5 1890
100 1# - MAIN ENTRY--PERSONAL NAME
Personal name Stowe, Harriet Beecher,
Dates associated with a name 1811-1896.
9 (RLIN) 186182
245 10 - TITLE STATEMENT
Title Uncle Tom's cabin :
Remainder of title A tale of life among the lowly /
Statement of responsibility, etc. by Harriet Beecher Stowe
260 ## - PUBLICATION, DISTRIBUTION, ETC. (IMPRINT)
Place of publication, distribution, etc. London :
Name of publisher, distributor, etc. Hutchinson,
Date of publication, distribution, etc. 1909 [reprint 1952]
300 ## - PHYSICAL DESCRIPTION
Pagination viii, 331 p. :
Illustrations ill. ;
Size 22 cm
650 #0 - SUBJECT ADDED ENTRY--TOPICAL TERM
Topical term or geographic name as entry element Slaves
General subdivision Social conditions
Form subdivision Fiction.
9 (RLIN) 186183
942 ## - ADDED ENTRY ELEMENTS (KOHA)
Source of classification or shelving scheme Dewey Decimal Classification
Koha item type Books
Holdings
Lost status Source of classification or shelving scheme Damaged status Not for loan Collection code Permanent Location Current Location Shelving location Date acquired Source of acquisition Cost, normal purchase price Full call number Date last seen Copy number Koha item type
  Dewey Decimal Classification   Not For Loan Fiction Central Library, University of Rajshahi Central Library, University of Rajshahi Reading Room 14/09/1983 B.H. Blackwell 52.00 813 STU 1952 24/01/2017 C-1 Books